| 000 | 00596nam a2200205 i 4500 | ||
|---|---|---|---|
| 001 | bg | ||
| 100 | 1 | _aCZECHOWSKI, Tadeusz | |
| 245 | 0 |
_aElementarny wykład rachunku prawdopodobieństwa / _cTadeusz Czechowski. |
|
| 250 | _aWyd.4. | ||
| 260 |
_aWarszawa : _bPaństwowe Wydaw. Naukowe, _c1978. |
||
| 300 |
_a206 s. : _brys., wykr. ; _c24 cm. |
||
| 504 | _aBibliogr. s. 200. -Indeks. | ||
| 650 | 9 | _aRachunek prawdopodobieństwa | |
| 655 | _aPodręczniki akademickie | ||
| 040 | _cBPK | ||
| 041 | 0 | _apl | |
| 080 | _a519.2(075.8) | ||
| 942 | _cKS | ||
| 008 | s pl f |000 0 pol | ||
| 999 |
_c32070 _d32070 |
||
| 856 |
_uhttp://koha.tu.koszalin.pl/cgi-bin/koha/opac-detail.pl?biblionumber=32070 _yKatalog online BPK |
||